Los de entonces, ya no sen los mismos: acumulación por desposesión en El Salvador y Costa Rica de los años ochenta a hoy /
Este trabajo se aboca al estudio de los grupos de poder, a partir de la caracterización de dos momentos centrales en los procesos de acumulación por deposesión: el ajuste estructural y el del libre comercio, específicamente para los casos de El Salvador y Costa Rica.
محفوظ في:
| المؤلف الرئيسي: | |
|---|---|
| التنسيق: | نص |
| الموضوعات: | |
| الوسوم: |
إضافة وسم
لا توجد وسوم, كن أول من يضع وسما على هذه التسجيلة!
|
MARC
| LEADER | 00000 a a2200000 04500 | ||
|---|---|---|---|
| 001 | 41042 | ||
| 003 | |||
| 040 | |||
| 100 | |a Robles Rivera, Francisco | ||
| 245 | |a Los de entonces, ya no sen los mismos: |b acumulación por desposesión en El Salvador y Costa Rica de los años ochenta a hoy / |c Francisco Robles Rivera | ||
| 520 | |a Este trabajo se aboca al estudio de los grupos de poder, a partir de la caracterización de dos momentos centrales en los procesos de acumulación por deposesión: el ajuste estructural y el del libre comercio, específicamente para los casos de El Salvador y Costa Rica. | ||
| 590 | |a RRA/SETIEMBRE2012 | ||
| 650 | |a 1.PODER | ||
| 650 | |a 2.RIQUEZA | ||
| 650 | |a 3.AJUSTE ESTRUTURAL | ||
| 650 | |a 4.LIBRE COMERCIO | ||
| 650 | |a 5.CAMBIO ECONOMICO | ||
| 650 | |a 6.COSTA RICA | ||
| 650 | |a 7.EL SALVADOR | ||
| 773 | |g número6 ( , 2010), 25 páginas | ||
| 999 | |c 26116 |d 26116 | ||
